| 000 | 01195nam a22003017a 4500 | ||
|---|---|---|---|
| 001 | 9418 | ||
| 003 | FISKH | ||
| 005 | 20260106111619.0 | ||
| 008 | 260106b cb ||||| |||| 00| 0 eng d | ||
| 020 | _a9780531137833 | ||
| 040 |
_aFISKH _beng _cFISKH _dFISKH |
||
| 050 | _aD810.S7 M26 | ||
| 082 | _a365.94 | ||
| 100 | _aMalam , John | ||
| 245 |
_aYou wouldn't want to be a secret agent during World War II ! : _bA perilous mission behind enemy lines / _cWritten by John Malam : Illustrated by Mark Bergin |
||
| 260 |
_aNew York : _bScholastic , _c2010 . |
||
| 300 |
_a32 pages : _bcolor illustrations ; _c24 cm . |
||
| 490 | _aYou Wouldn't Want to (Be) | ||
| 505 | _aU | ||
| 520 | _aExplains what it was like to be a British secret agent working behind enemy lines in France during World War II, describing the training, equipment, and techniques used by spies and the danger they faced during their missions. | ||
| 521 | 8 |
_a820
_bLexile IG |
|
| 521 | 8 |
_aU
_bRaz-Plus |
|
| 650 |
_aCountries and Cultures _vJuvenile Nonfiction |
||
| 700 |
_aBergin , Mark _eIllustrator |
||
| 700 |
_aSalariya , David _eCreater and Designer |
||
| 942 |
_2ddc _cBK _n0 |
||
| 999 |
_c9418 _d9418 |
||